Climate Change & Biodiversity/ (Record no. 213792)
[ view plain ]
| 000 -LEADER | |
|---|---|
| fixed length control field | 00659nam a22002057a 4500 |
| 005 - DATE AND TIME OF LATEST TRANSACTION | |
| control field | 20260428121919.0 |
| 010 ## - LCCN (DPL NO) | |
| LC control number | ENG-147120 |
| 020 ## - INTERNATIONAL STANDARD BOOK NUMBER | |
| International Standard Book Number | 9788196078096 |
| Terms of availability | 150.00 |
| 035 ## - SYSTEM CONTROL NUMBER | |
| System control number | EN-130652 |
| 037 ## - SOURCE OF ACQUISITION | |
| Source of stock number/acquisition | DBAD |
| 082 ## - DEWEY DECIMAL CLASSIFICATION NUMBER | |
| Classification number | 551.6 |
| Edition number | 1 |
| 245 ## - TITLE STATEMENT | |
| Title | Climate Change & Biodiversity/ |
| Statement of responsibility, etc | Edited by Silvy Mathew; Jisha K and Rekha K |
| 260 ## - PUBLICATION, DISTRIBUTION, ETC. (IMPRINT) | |
| Place of publication, distribution, etc | Kerala |
| Name of publisher, distributor, etc | Vimala College Publications |
| Date of publication, distribution, etc | 2023 |
| 270 ## - ADDRESS | |
| Address | Vimala College (Autonomous), Thrissur |
| City | Kerala |
| Postal code | 680009 |
| 300 ## - PHYSICAL DESCRIPTION | |
| Extent | 310 p. |
| Dimensions | 25cm(pb) |
| 700 ## - ADDED ENTRY--PERSONAL NAME | |
| Personal name | Mathew, Silvy |
| Relator term | Editor |
| 9 (RLIN) | 56915 |
| 700 ## - ADDED ENTRY--PERSONAL NAME | |
| Personal name | K, Jisha |
| Relator term | Editor |
| 9 (RLIN) | 57252 |
| 700 ## - ADDED ENTRY--PERSONAL NAME | |
| Personal name | Rekha K |
| Relator term | Editor |
| 9 (RLIN) | 57253 |
| 942 ## - ADDED ENTRY ELEMENTS (KOHA) | |
| Source of classification or shelving scheme | Dewey Decimal Classification |
| Item type | English Books |
| Classification part | 551.6 |
| Call number suffix | CLI |
| Withdrawn status | Lost status | Not for loan | Collection code | Home library | Current library | Date acquired | Source of acquisition | Cost, normal purchase price | Full call number | Barcode | Copy number | Cost, replacement price | Koha item type |
|---|---|---|---|---|---|---|---|---|---|---|---|---|---|
| Non-fiction | Sarojini Nagar | Sarojini Nagar | 21/11/2025 | Delivery of Books Act Division | 150.00 | 551.6 CLI | EN-130652 | 1 | 150.00 | English Books |
